Pokémon - Les attaques de Hypocéan - Statistiques

Statistiques générales
  • Ce quiz a été pris 15 fois
  • Le résultat moyen est 8 sur 13
Statistiques - réponses
Niveaux Types Noms des attaques % Correct
Niveau 51 Eau Hydrocanon
92%
Départ Eau Pistolet à O
92%
Niveau 58 Dragon Danse Draco
83%
Niveau 20 Dragon Draco-Souffle
83%
Niveau 65 Eau Danse Pluie
75%
Départ Dragon Ouragan
75%
Niveau 44 Dragon Draco-Choc
67%
Départ Normal Brouillard
58%
Niveau 25 Eau Bulles d'O
58%
Niveau 30 Psy Hâte
58%
Départ Normal Groz'Yeux
50%
Niveau 15 Normal Puissance
25%
Niveau 37 Normal Affilage
8%
Aucun quiz correspondant
Distribution des résultats
% des personnes avec chaque résultat
Percentile par nombre de réponses
Votre historique - résultats
Vous n’avez pas pris ce quiz